La decadencia de los Estados Unidos : de la crisis de 1979 a la megacrisis del 2009 /
-д хадгалсан:
| Үндсэн зохиолчид: | , |
|---|---|
| Формат: | Цахим Цахим ном |
| Хэл сонгох: | испани |
| Хэвлэсэн: |
Ituzaingó, Provincia de Buenos Aires, Argentina :
Editorial Maipue,
2016.
|
| Хэвлэл: | Edición digital. |
| Цуврал: | Colección "El hombre es tierra que anda".
|
| Нөхцлүүд: | |
| Онлайн хандалт: | Digitalia Hispánica |
| Шошгууд: |
Шошго нэмэх
Шошго байхгүй, Энэхүү баримтыг шошголох эхний хүн болох!
|
MARC
| LEADER | 00000nam a2200000Ii 4500 | ||
|---|---|---|---|
| 001 | DIGMAIPUE0039 | ||
| 003 | NyNyDIG | ||
| 008 | 220225s2016 ag a ob 00 0 spa d | ||
| 006 | m o d | ||
| 007 | cr ||||||||||| | ||
| 035 | |a (OCoLC)1319851625 | ||
| 040 | |a DGITA |b eng |e rda |e pn |c DGITA | ||
| 020 | |a 9789873615818 |q eBook |q epub | ||
| 020 | |z 9789879493502 | ||
| 043 | |a n-us--- | ||
| 050 | 1 | 4 | |a HC103 ebook |
| 082 | 0 | 4 | |a 330.973 |
| 100 | 1 | |a Pozzi, Pablo A., |e author. | |
| 245 | 1 | 3 | |a La decadencia de los Estados Unidos : |b de la crisis de 1979 a la megacrisis del 2009 / |c Pablo A. Pozzi, Fabio G. Nigra. |
| 250 | |a Edición digital. | ||
| 264 | 1 | |a Ituzaingó, Provincia de Buenos Aires, Argentina : |b Editorial Maipue, |c 2016. | |
| 300 | |a 1 online resource : |b illustrations. | ||
| 336 | |a text |b txt |2 rdacontent | ||
| 337 | |a computer |b c |2 rdamedia | ||
| 338 | |a online resource |b cr |2 rdacarrier | ||
| 347 | |a text file |2 rdaft | ||
| 347 | |b EPUB | ||
| 504 | |a Includes bibliographical references. | ||
| 588 | 0 | |a Online resource; title from ePub title page (Digitalia, viewed February 25, 2022) | |
| 651 | 0 | |a United States |x Economic conditions |y 20th century. | |
| 651 | 0 | |a United States |x Economic conditions |y 21st century. | |
| 651 | 0 | |a United States |x Politics and government |y 20th century. | |
| 651 | 0 | |a United States |x Politics and government |y 21st century. | |
| 655 | 0 | |a Electronic books. | |
| 700 | 1 | |a Nigra, Fabio, |e author. | |
| 791 | 2 | |a Digitalia (Firm), |e distributor. | |
| 793 | 0 | |g Digitalia eBook Collection: |a Editorial Maipue. | |
| 776 | 0 | 8 | |i Print version: |a Pozzi, Pablo A. |t Decadencia de los Estados Unidos. |d Ituzaingó, Provincia de Buenos Aires, Argentina : Editorial Maipue, 2009 |z 9789879493502 |
| 830 | 0 | |a Colección "El hombre es tierra que anda". | |
| 856 | 4 | 0 | |3 Digitalia Hispánica |u https://digitalia.unach.elogim.com/a/80716/ |
| 910 | |a Premium collection: 2022 | ||